000 00727nmc a2200277 a 4500
003 AR-BaBNM
005 20251128203245.0
008 011101s1987 ||||||||||||||000 | spa||
020 _a84-7046-214-8
040 _cAR-BaBNM
100 1 _aVega Fuente, Amando
245 1 0 _aLas drogas
_bun problema educativo?
260 _aMadrid
_bCincel-Kapelusz
_c1987
300 _a156 p.
_btablas
490 0 _aDiálogos en educación
_vv. 6
504 _aBibliografía en p. 153-156
650 4 _aDROGAS
650 4 _aDROGADICCION
650 4 _aREHABILITACION
650 4 _aESCUELAS
650 4 _aFAMILIA
653 _aPREVENCION DE ADICCIONES
800 1 _aDiéguez Rodríguez, José Luis
942 _cBK
998 _cMarce
999 _c2599
_d2599